000 00325nam a22001337a 4500
008 210303b ||||| |||| 00| 0 eng d
020 _a9780132122702
041 _aeng
080 _25th
_a004
100 _a30
101 _aSHKI
245 _aWeb Development and Design Foundations with XHTML
_cMorris,F.T
942 _2udc
_cBK
999 _c55596
_d55596